[Event "BL 8384 Porz-Enger"]
[Site "?"]
[Date "1984.??.??"]
[Round "?.1"]
[White "Smejkal, J."]
[Black "Hort, V."]
[Result "1/2-1/2"]
[WhiteElo "2560"]
[BlackElo "2595"]
[PlyCount "33"]
[EventDate "1984.??.??"]

1. d4 d5 2. c4 c6 3. Nf3 Nf6 4. Nc3 dxc4 5. a4 Bf5 6. Ne5 Nbd7 7. Nxc4 Nb6 8.
e3 e6 9. a5 Nxc4 10. Bxc4 Bd6 11. Be2 a6 12. Bf3 e5 13. e4 Be6 14. Be3 Qe7 15.
O-O O-O 16. Qe2 Rad8 17. d5 1/2-1/2

[Event "BL 8384 Porz-Enger"]
[Site "?"]
[Date "1984.??.??"]
[Round "?.2"]
[White "Miles, A."]
[Black "Gutman, L."]
[Result "1/2-1/2"]
[WhiteElo "2585"]
[BlackElo "2440"]
[PlyCount "29"]
[EventDate "1984.??.??"]

1. c4 Nf6 2. Nc3 d5 3. cxd5 Nxd5 4. Nf3 Nxc3 5. dxc3 Qxd1+ 6. Kxd1 f6 7. e4 e5
8. Bc4 Nd7 9. Ke2 a5 10. Be3 Bc5 11. Nd2 Bxe3 12. Kxe3 Ke7 13. h4 Nb6 14. Be2
Be6 15. Kd3 1/2-1/2

[Event "BL 8384 Porz-Enger"]
[Site "?"]
[Date "1984.??.??"]
[Round "?.4"]
[White "Marian, R."]
[Black "Gruen, G."]
[Result "0-1"]
[WhiteElo "2360"]
[BlackElo "2290"]
[PlyCount "74"]
[EventDate "1984.??.??"]

1. d4 Nf6 2. c4 e6 3. Nf3 b6 4. Nc3 Bb7 5. Bg5 Bb4 6. e3 h6 7. Bh4 g5 8. Bg3
Ne4 9. Qc2 Bxc3+ 10. bxc3 Nxg3 11. hxg3 Qe7 12. c5 Nc6 13. Rb1 h5 14. Qa4 h4
15. Ba6 O-O-O 16. g4 f5 17. Nd2 Nb8 18. Bxb7+ Kxb7 19. Nc4 Nc6 20. cxb6 axb6
21. gxf5 d5 22. f6 Qh7 23. Nd2 Ra8 24. Qb3 Na5 25. Qd1 Qf5 26. Qf3 Qd3 27. Qe2
Qg6 28. e4 Qxf6 29. O-O Qf4 30. Qe3 Nc4 31. Nxc4 dxc4 32. Qxf4 gxf4 33. Rb4 h3
34. g3 fxg3 35. fxg3 Rxa2 36. Rxc4 Rg2+ 37. Kh1 Ra8 0-1

[Event "BL 8384 Porz-Enger"]
[Site "?"]
[Date "1984.??.??"]
[Round "?.5"]
[White "Fleck, J."]
[Black "Ostermeyer, P."]
[Result "1/2-1/2"]
[WhiteElo "2365"]
[BlackElo "2450"]
[PlyCount "176"]
[EventDate "1984.??.??"]

1. e4 c5 2. Nf3 d6 3. d4 Nf6 4. Nc3 cxd4 5. Nxd4 a6 6. Be3 e5 7. Nb3 Be6 8. Qd2
Nbd7 9. f3 b5 10. a4 b4 11. Nd5 Bxd5 12. exd5 Nb6 13. Bxb6 Qxb6 14. a5 Qb7 15.
Bc4 Be7 16. Ra4 Rb8 17. Nc1 Bd8 18. Na2 Nd7 19. Kd1 Bxa5 20. Rxa5 Qc7 21. Ra4
Qxc4 22. b3 Qh4 23. Nxb4 Nc5 24. Nxa6 Qxa4 25. bxa4 Nxa6 26. Qa5 Nc5 27. Qc7
Nd7 28. f4 Ke7 29. fxe5 dxe5 30. Re1 f6 31. Qc4 h5 32. Re3 Rhc8 33. d6+ Kxd6
34. Qf7 Nc5 35. Qxg7 Ke6 36. Rf3 Ne4 37. Rb3 Nc3+ 38. Ke1 Nxa4 39. Rxb8 Rxb8
40. Qh7 Nc3 41. Qxh5 Rb1+ 42. Kd2 Ne4+ 43. Ke2 Nc3+ 44. Kd3 Nd5 45. Qe8+ Kd6
46. Qd8+ Ke6 47. Qg8+ Kd6 48. Qf8+ Ke6 49. Qg8+ Kd6 50. Qf8+ Ke6 51. Qc8+ Kd6
52. h4 Rd1+ 53. Ke2 Rh1 54. c4 Nf4+ 55. Kf3 Ne6 56. g3 Rh2 57. Kg4 Nd4 58. h5
Ne6 59. c5+ Nxc5 60. Qf8+ Kd5 61. Qxf6 e4 62. Qc3 Nd3 63. Kg5 Ne5 64. Qa5+ Ke6
65. Qb6+ Kd5 66. Qd8+ Ke6 67. Kf4 Nf7 68. Qe8+ Kf6 69. Qc6+ Kg7 70. Qg6+ Kf8
71. Kxe4 Ke7 72. g4 Re2+ 73. Kd4 Rd2+ 74. Kc5 Re2 75. Kd4 Rd2+ 76. Kc3 Rd5 77.
h6 Rc5+ 78. Kb4 Rg5 79. Qe4+ Kf6 80. h7 Kg7 81. Qf4 Kh8 82. Qf6+ Rg7 83. Qf5
Nh6 84. Qf6 Nxg4 85. Qh4 Nh6 86. Qxh6 Rb7+ 87. Kc3 Rb3+ 88. Kc2 Rb2+ 1/2-1/2

[Event "BL 8384 Porz-Enger"]
[Site "?"]
[Date "1984.??.??"]
[Round "?.6"]
[White "Gerusel, M."]
[Black "Kunsztowicz, U."]
[Result "1-0"]
[WhiteElo "2390"]
[BlackElo "2350"]
[PlyCount "69"]
[EventDate "1984.??.??"]

1. Nf3 c5 2. e4 d6 3. d4 cxd4 4. Nxd4 Nf6 5. Nc3 Nc6 6. Be2 g6 7. Be3 Bg7 8.
O-O O-O 9. Nb3 Be6 10. f4 Na5 11. Nd4 Bc4 12. Rf2 Rc8 13. Bf3 Ba6 14. Nd5 Nxd5
15. exd5 Nc4 16. Bc1 Qb6 17. c3 Rfe8 18. b3 Na5 19. Bb2 Bxd4 20. cxd4 Qb4 21.
f5 b6 22. Bg4 Rb8 23. Qf3 Rf8 24. Qe3 Bb7 25. Bf3 Qb5 26. Qxe7 Bxd5 27. Qh4
Bxf3 28. Rxf3 Qe2 29. Bc3 Rfe8 30. d5 Re4 31. Qf6 Re5 32. fxg6 fxg6 33. Qxd6
Rbe8 34. Qf6 Qe4 35. Qf7+ 1-0

[Event "BL 8384 Porz-Enger"]
[Site "?"]
[Date "1984.??.??"]
[Round "?.8"]
[White "Gawehns, K."]
[Black "Stertenbrink, G."]
[Result "0-1"]
[WhiteElo "2335"]
[BlackElo "2225"]
[PlyCount "48"]
[EventDate "1984.??.??"]

1. d4 Nf6 2. Nf3 c5 3. c3 Qb6 4. dxc5 Qxc5 5. g3 g6 6. Bg2 Bg7 7. O-O O-O 8.
Na3 Nc6 9. Nd4 d5 10. Nb3 Qd6 11. c4 Rd8 12. cxd5 Nxd5 13. Nc4 Qf6 14. Ncd2 e6
15. a3 b6 16. e4 Nde7 17. Qe2 a5 18. Nc4 Ba6 19. Bf4 Rac8 20. e5 Bxc4 21. Qe3
Nxe5 22. Bg5 Ng4 23. Bxf6 Nxe3 24. Bxe7 Nxf1 0-1

[Event "BL 8384 Münster-Porz"]
[Site "?"]
[Date "1984.??.??"]
[Round "?.1"]
[White "Hort, V."]
[Black "Wiemer, R."]
[Result "1-0"]
[WhiteElo "2595"]
[BlackElo "2290"]
[PlyCount "60"]
[EventDate "1984.??.??"]

1. d4 d5 2. c4 c6 3. Nf3 Nf6 4. Qc2 dxc4 5. Qxc4 Bf5 6. g3 Nbd7 7. Bg2 e6 8.
O-O Be7 9. Nc3 O-O 10. a3 a5 11. Bf4 Nb6 12. Qa2 Nfd5 13. Rac1 Nxc3 14. bxc3
Be4 15. c4 Nd7 16. Rfd1 b5 17. d5 exd5 18. Nd4 Bxg2 19. Nxc6 Qe8 20. Kxg2 bxc4
21. Rxd5 Nb6 22. Nxe7+ Qxe7 23. Rb5 Qe4+ 24. f3 Qc6 25. a4 Rfc8 26. e4 c3 27.
Qb3 Nd7 28. Rc2 Qc4 29. Rb7 Qd3 30. Rc7 Nc5 1-0

[Event "BL 8384 Enger-Koblenz"]
[Site "?"]
[Date "1984.??.??"]
[Round "?.1"]
[White "Doncevic, D."]
[Black "Smejkal, J."]
[Result "0-1"]
[WhiteElo "2340"]
[BlackElo "2560"]
[PlyCount "66"]
[EventDate "1984.??.??"]

1. d4 Nf6 2. c4 g6 3. Nc3 Bg7 4. e4 d6 5. Nge2 O-O 6. Ng3 e5 7. d5 a5 8. h4 h5
9. Bg5 c6 10. Be2 Qb6 11. Qd2 Nbd7 12. Rb1 cxd5 13. cxd5 Nc5 14. O-O Bd7 15.
Be3 Rac8 16. f3 Nh7 17. Bf2 Bf6 18. Nh1 Bxh4 19. g3 Bg5 20. f4 Bh6 21. Be3 f5
22. Nf2 Qd8 23. fxe5 Bxe3 24. Qxe3 dxe5 25. Nd3 Nxd3 26. Bxd3 f4 27. gxf4 exf4
28. Qd4 Qg5+ 29. Kf2 Nf6 30. Rg1 Ng4+ 31. Rxg4 Bxg4 32. Rg1 f3 33. Rh1 Qd2+ 0-1

[Event "BL 8384 Enger-Koblenz"]
[Site "?"]
[Date "1984.??.??"]
[Round "?.2"]
[White "Gutman, L."]
[Black "Wolf, V."]
[Result "1/2-1/2"]
[WhiteElo "2440"]
[BlackElo "2245"]
[PlyCount "114"]
[EventDate "1984.??.??"]

1. Nf3 Nf6 2. g3 b5 3. Bg2 Bb7 4. c3 c5 5. O-O e6 6. d3 d5 7. Qb3 Qb6 8. a4
bxa4 9. Qxa4+ Bc6 10. Qa5 Nbd7 11. Bf4 Be7 12. Nbd2 O-O 13. Rfb1 Rfc8 14. b4
Qxa5 15. Rxa5 cxb4 16. cxb4 Bd8 17. Raa1 Bb6 18. Nb3 h6 19. Bd6 Ne8 20. Bc5
Rab8 21. Nfd4 Bb7 22. Bh3 Nc7 23. Bd6 Ra8 24. Kf1 Kh7 25. e3 Ba6 26. Ke2 Nb5
27. Nxb5 Bxb5 28. Kd2 Nf6 29. Bc5 Rab8 30. Bxb6 axb6 31. Ra7 Kg8 32. Nd4 Bd7
33. f3 Kf8 34. e4 dxe4 35. fxe4 Ke8 36. Rc1 Rxc1 37. Kxc1 g5 38. Kd2 g4 39. Bf1
e5 40. Nc2 Be6 41. Be2 h5 42. Na3 Rd8 43. Ke3 Rd4 44. Nc2 Rd8 45. Rb7 Nd7 46.
Ra7 Nb8 47. b5 Rc8 48. Nb4 Nd7 49. Nc6 Kf8 50. Bd1 Kg7 51. Bb3 Kf6 52. Bxe6
Kxe6 53. d4 f6 54. Ra2 Rh8 55. Kd3 h4 56. gxh4 Kd6 57. dxe5+ Nxe5+ 1/2-1/2

[Event "BL 8384 Enger-Koblenz"]
[Site "?"]
[Date "1984.??.??"]
[Round "?.3"]
[White "Schulz, KJ."]
[Black "Gruen, G."]
[Result "1/2-1/2"]
[WhiteElo "2330"]
[BlackElo "2290"]
[PlyCount "83"]
[EventDate "1984.??.??"]

1. g3 Nf6 2. Bg2 e5 3. d3 d5 4. Nf3 Nc6 5. c4 Bb4+ 6. Bd2 Bxd2+ 7. Nfxd2 d4 8.
O-O O-O 9. Na3 Qe7 10. Nc2 a5 11. b3 Bf5 12. a3 Rad8 13. f3 Nd7 14. Rb1 Nc5 15.
Ne4 Bxe4 16. fxe4 g6 17. Qd2 Kg7 18. b4 Na4 19. bxa5 Nc3 20. Rxb7 Nxa5 21. Rb4
Nc6 22. Rb2 Rb8 23. Rxb8 Rxb8 24. Bf3 Rb2 25. Qc1 Ra2 26. Kh1 h6 27. Bg4 h5 28.
Bf3 Na5 29. Nb4 Nb3 30. Qe1 Rxa3 31. Nd5 Nxd5 32. exd5 Nc5 33. Qb4 Rb3 34. Qa5
e4 35. dxe4 Nxe4 36. Qa7 Qe5 37. Bxe4 Qxe4+ 38. Kg1 h4 39. Qxc7 Qe3+ 40. Kh1
Qe4+ 41. Kg1 Qe3+ 42. Kh1 1/2-1/2

[Event "BL 8384 Enger-Koblenz"]
[Site "?"]
[Date "1984.??.??"]
[Round "?.5"]
[White "Trauth, M."]
[Black "Kunsztowicz, U."]
[Result "0-1"]
[WhiteElo "2235"]
[BlackElo "2350"]
[PlyCount "72"]
[EventDate "1984.??.??"]

1. Nf3 d6 2. g3 g6 3. Bg2 Bg7 4. c4 e5 5. Nc3 c5 6. a3 a5 7. O-O Ne7 8. Rb1
Nbc6 9. Ne1 Be6 10. d4 O-O 11. Nc2 d5 12. cxd5 Nxd5 13. Ne3 Nb6 14. b3 Rb8 15.
Ne4 Qe7 16. Nc4 Nd5 17. Bd2 b5 18. Ng5 bxc4 19. bxc4 Rxb1 20. Qxb1 Nf4 21. gxf4
exf4 22. Bxf4 Nxd4 23. Re1 Bg4 24. Nf3 Nxe2+ 25. Kf1 Bxf3 26. Bxf3 Qf6 27. Rxe2
Qxf4 28. Bd5 Qg4 29. Re7 Qh3+ 30. Ke2 Qh5+ 31. Bf3 Qh4 32. Re4 Qxh2 33. Qh1 Qd6
34. Qh4 Rd8 35. Re3 Bd4 36. Re4 Bf6 0-1

[Event "BL 8384 Enger-Koblenz"]
[Site "?"]
[Date "1984.??.??"]
[Round "?.7"]
[White "Koerholz, L."]
[Black "Stertenbrink, G."]
[Result "1/2-1/2"]
[WhiteElo "2260"]
[BlackElo "2225"]
[PlyCount "100"]
[EventDate "1984.??.??"]

1. c4 c5 2. Nf3 g6 3. d4 cxd4 4. Nxd4 Bg7 5. e4 Qb6 6. Nb3 Qc7 7. Na3 d6 8. Bd3
Bd7 9. Qe2 Nf6 10. Bf4 Na6 11. O-O O-O 12. Rac1 b6 13. Nb5 Qb7 14. Nc3 Nc5 15.
Bb1 Rac8 16. Nd2 a5 17. b3 h5 18. Bg5 Rfe8 19. h3 Bc6 20. f4 Nfd7 21. Qf3 e6
22. Qe2 f5 23. Rfe1 Bd4+ 24. Kh2 Nf6 25. e5 Nh7 26. Bh4 dxe5 27. fxe5 Qg7 28.
Nf3 Bxc3 29. Rxc3 g5 30. Nxg5 Nxg5 31. Bxg5 Qxg5 32. Rg3 Qxg3+ 33. Kxg3 Re7 34.
Kh2 Rg7 35. g3 h4 36. g4 f4 37. Rd1 f3 38. Qf2 Rf8 39. Rd4 Nd7 40. Rd2 Nxe5 41.
Qxb6 f2 42. Rxf2 Rxf2+ 43. Qxf2 Nf3+ 44. Kg2 Rd7 45. Qb6 Rd2+ 46. Kf1 Nh2+ 47.
Ke1 Nf3+ 48. Kf1 Nh2+ 49. Ke1 Nf3+ 50. Kf1 Nh2+ 1/2-1/2

[Event "BL 8384 Sindelfingen-Münster"]
[Site "?"]
[Date "1984.??.??"]
[Round "?.1"]
[White "Wiemer, R."]
[Black "Fahnenschmidt, G."]
[Result "1/2-1/2"]
[WhiteElo "2290"]
[BlackElo "2325"]
[PlyCount "119"]
[EventDate "1984.??.??"]

1. e4 c5 2. Nf3 e6 3. d4 cxd4 4. Nxd4 Nf6 5. Nc3 d6 6. f4 a6 7. Qf3 Be7 8. Be3
e5 9. fxe5 dxe5 10. Nf5 Bxf5 11. Qxf5 O-O 12. Bc4 Nc6 13. Rd1 Qa5 14. Bb3 Bc5
15. Bxc5 Qxc5 16. Qf2 Nd4 17. h3 b5 18. O-O b4 19. Na4 Qc6 20. Rde1 Nxb3 21.
axb3 Nxe4 22. Qb6 Qxc2 23. Qxb4 Nd2 24. Rf2 Qxb3 25. Qxd2 Qxa4 26. Rxe5 Rad8
27. Rd5 Qe8 28. Rff5 g6 29. Rxd8 Qxd8 30. Qxd8 Rxd8 31. Rf6 a5 32. Rb6 Rd2 33.
b4 axb4 34. Rxb4 h5 35. Kh2 Kg7 36. h4 Rd3 37. Rf4 Re3 38. Ra4 Kh6 39. Ra7 Kg7
40. Ra4 f5 41. Ra6 f4 42. Rb6 f3 43. gxf3 Rxf3 44. Ra6 Re3 45. Rb6 Kf7 46. Ra6
Re6 47. Ra4 Kf6 48. Kg3 Re3+ 49. Kf4 Rh3 50. Ra6+ Kg7 51. Ra4 Kh6 52. Ke5 Re3+
53. Kf4 Rh3 54. Ke5 Rf3 55. Rb4 Rg3 56. Ra4 Rf3 57. Rb4 Rf5+ 58. Ke4 Rf1 59.
Ke5 Rg1 60. Ra4 1/2-1/2

[Event "BL 8384 Heidelberg-Enger"]
[Site "?"]
[Date "1984.??.??"]
[Round "?.1"]
[White "Smejkal, J."]
[Black "Steinbacher, M."]
[Result "1-0"]
[WhiteElo "2560"]
[BlackElo "2310"]
[PlyCount "75"]
[EventDate "1984.??.??"]

1. c4 c5 2. g3 g6 3. Bg2 Bg7 4. Nc3 Nc6 5. d3 a6 6. h4 Nf6 7. Nh3 Rb8 8. Nf4 d6
9. h5 Nxh5 10. Nxh5 gxh5 11. Rxh5 Bg4 12. Rg5 Rg8 13. Nd5 Bd7 14. Rh5 b5 15.
cxb5 Rxb5 16. Rxh7 Bxb2 17. Rb1 Be5 18. Bd2 Nd4 19. Nc3 Rb4 20. a3 Rb8 21. e3
Ne6 22. Nd5 Ng5 23. Rh4 e6 24. Nc3 d5 25. Ne2 Bb5 26. Qc2 c4 27. d4 Bd6 28. a4
c3 29. Nxc3 Bc4 30. e4 dxe4 31. Nxe4 Nxe4 32. Bxe4 Rxb1+ 33. Qxb1 Qxh4 34. Bc6+
Kf8 35. Qc1 Qxd4 36. Bc3 Qd3 37. Qh6+ Ke7 38. Bf6# 1-0

[Event "BL 8384 Heidelberg-Enger"]
[Site "?"]
[Date "1984.??.??"]
[Round "?.4"]
[White "Mack, P."]
[Black "Gruen, G."]
[Result "1/2-1/2"]
[WhiteElo "2280"]
[BlackElo "2290"]
[PlyCount "111"]
[EventDate "1984.??.??"]

1. Nf3 Nf6 2. c4 b6 3. g3 Bb7 4. Bg2 e6 5. O-O Be7 6. b3 O-O 7. Bb2 d5 8. Ne5
c5 9. e3 Nc6 10. f4 Rc8 11. d3 Rc7 12. Qe2 dxc4 13. dxc4 Qa8 14. Nxc6 Bxc6 15.
Nc3 Bxg2 16. Qxg2 Qxg2+ 17. Kxg2 Ng4 18. Rae1 Rd7 19. Bc1 Rd3 20. Ne4 f5 21.
Nf2 Nxf2 22. Rxf2 Bf6 23. Bb2 Bxb2 24. Rxb2 e5 25. fxe5 Re8 26. Kf3 g5 27. h4
h6 28. hxg5 hxg5 29. Rh2 Kg7 30. g4 fxg4+ 31. Ke4 Rdd8 32. Rh5 Rg8 33. Rxg5+
Kf7 34. Rxg8 Rxg8 35. Kf5 g3 36. Rg1 g2 37. Kf4 Ke6 38. Kf3 Rf8+ 39. Kxg2 Kxe5
40. Rf1 Rd8 41. Kf3 Rd2 42. Rf2 Rd1 43. Ke2 Ra1 44. Kd3 Rd1+ 45. Ke2 Ra1 46.
Kf3 a5 47. Rh2 a4 48. bxa4 Rc1 49. Rh5+ Kd6 50. Rh6+ Kc7 51. a5 bxa5 52. Ra6
Rxc4 53. Rxa5 Kb6 54. Ra8 Kb7 55. Ra3 Rh4 56. Rb3+ 1/2-1/2

[Event "BL 8384 Enger-Sindelfingen"]
[Site "?"]
[Date "1984.??.??"]
[Round "?.1"]
[White "Fahnenschmidt, G."]
[Black "Smejkal, J."]
[Result "0-1"]
[WhiteElo "2325"]
[BlackElo "2560"]
[PlyCount "100"]
[EventDate "1984.??.??"]

1. c4 e5 2. Nc3 Nf6 3. Nf3 Nc6 4. d4 exd4 5. Nxd4 Bb4 6. Bg5 h6 7. Bh4 Bxc3+ 8.
bxc3 d6 9. f3 Ne5 10. e4 Ng6 11. Bf2 O-O 12. Be2 Nf4 13. O-O Nd7 14. Kh1 Nc5
15. Be3 Nxe2 16. Qxe2 Qe8 17. g4 Nxe4 18. fxe4 Qxe4+ 19. Qf3 Re8 20. Qxe4 Rxe4
21. Rae1 Bxg4 22. Bxh6 Rxe1 23. Rxe1 c5 24. Bxg7 Kxg7 25. Rg1 f5 26. Nxf5+ Kf6
27. Rxg4 Kxf5 28. Rg7 Ke4 29. Rg3 Rd8 30. Kg2 d5 31. cxd5 Rxd5 32. Rf3 c4 33.
h4 Rh5 34. Rh3 Kf4 35. Rf3+ Kg4 36. Re3 Rxh4 37. Re7 Kf4 38. a4 b6 39. Kf2 Rh3
40. Rxa7 Rxc3 41. Ke2 Ke4 42. Kd2 Rb3 43. Kc2 Kd5 44. Ra8 Kc5 45. a5 b5 46.
Rc8+ Kb4 47. a6 Ra3 48. Rc6 Ra2+ 49. Kb1 Kb3 50. Rg6 b4 0-1

[Event "BL 8384 Enger-Sindelfingen"]
[Site "?"]
[Date "1984.??.??"]
[Round "?.2"]
[White "Gutman, L."]
[Black "Ullrich, F."]
[Result "1-0"]
[WhiteElo "2440"]
[BlackElo "2275"]
[PlyCount "103"]
[EventDate "1984.??.??"]

1. Nf3 Nf6 2. g3 c5 3. Bg2 Nc6 4. d4 cxd4 5. Nxd4 g6 6. O-O Bg7 7. c4 O-O 8.
Nc3 Nxd4 9. Qxd4 d6 10. Qd3 Bf5 11. e4 Be6 12. b3 Rb8 13. Be3 a6 14. Ba7 Rc8
15. Bd4 Nd7 16. Bxg7 Kxg7 17. f4 f6 18. Rae1 Qa5 19. Re3 Rfe8 20. Rfe1 Rb8 21.
Bf1 Qc5 22. Ne2 Bg4 23. Nc3 Be6 24. h3 Bf7 25. h4 Rbd8 26. Bh3 e5 27. f5 Nb8
28. fxg6 hxg6 29. Qf1 Rf8 30. Qf2 Nc6 31. Rf1 Bg8 32. h5 gxh5 33. Kh2 Nd4 34.
Rd3 Qc7 35. g4 Kh8 36. gxh5 Qh7 37. Bf5 Qh6 38. Rg3 Bf7 39. Rfg1 Qf4 40. Qxf4
exf4 41. Rd3 Nxf5 42. exf5 Rfe8 43. Rd4 Re3 44. Ne4 Bxh5 45. Nxf6 Re2+ 46. Kh3
Re3+ 47. Kh4 Be2 48. Rxf4 b5 49. Rg6 bxc4 50. bxc4 Rc3 51. Rf2 Bxc4 52. Rh2 1-0

[Event "BL 8384 Enger-Sindelfingen"]
[Site "?"]
[Date "1984.??.??"]
[Round "?.4"]
[White "Gruen, G."]
[Black "Hoffmann, H."]
[Result "1-0"]
[WhiteElo "2290"]
[BlackElo "2210"]
[PlyCount "99"]
[EventDate "1984.??.??"]

1. d4 d5 2. c4 c6 3. Nf3 Nf6 4. Qc2 e6 5. g3 Nbd7 6. Bg2 Ne4 7. O-O f5 8. Bf4
g5 9. Be5 Rg8 10. Ne1 Nxe5 11. dxe5 g4 12. Nd3 Bg7 13. f3 gxf3 14. exf3 Ng5 15.
Nd2 Bd7 16. Rac1 Nf7 17. Rfe1 Qe7 18. f4 Nd8 19. b4 Bf8 20. Nf3 Kf7 21. Nc5 Rg7
22. Nd4 Kg8 23. a3 Kh8 24. Kh1 b6 25. Nxd7 Qxd7 26. cxd5 cxd5 27. Bf1 a6 28.
Re3 h5 29. Rc3 Ra7 30. Be2 Rh7 31. h4 b5 32. Qd1 Qf7 33. Rc8 Be7 34. Nc6 Rd7
35. Nb8 Ra7 36. Nc6 Rd7 37. Ra8 Qg6 38. Qg1 Rg7 39. Nxe7 Rgxe7 40. Rcc8 Re8 41.
Kh2 Rg8 42. Qf2 Kh7 43. Qf3 Kh6 44. Rxa6 Rdg7 45. Rc3 d4 46. Rd3 Rd7 47. Qf2
Nf7 48. Rb6 Rc8 49. Rxb5 Rc2 50. Rc5 1-0

[Event "BL 8384 HSK-Koblenz"]
[Site "?"]
[Date "1984.??.??"]
[Round "?.2"]
[White "Chandler, M."]
[Black "Wolf, V."]
[Result "1/2-1/2"]
[WhiteElo "2485"]
[BlackElo "2245"]
[PlyCount "64"]
[EventDate "1984.??.??"]

1. e4 c5 2. Nf3 Nc6 3. c3 e6 4. d4 d5 5. exd5 exd5 6. Bb5 Bd6 7. dxc5 Bxc5 8.
O-O Nge7 9. Nbd2 O-O 10. Nb3 Bb6 11. Bg5 f6 12. Bf4 a6 13. Be2 Ng6 14. Qd2 Re8
15. Bg3 Bf5 16. Nfd4 Nxd4 17. Nxd4 Bxd4 18. cxd4 Rc8 19. Rfc1 Qb6 20. b4 Qe6
21. Bf1 Qe4 22. b5 axb5 23. Bxb5 Rxc1+ 24. Rxc1 Rc8 25. Re1 Qc2 26. Qa5 Qc3 27.
Qxc3 Rxc3 28. h4 h5 29. Re8+ Kh7 30. Rd8 Ne7 31. Be8 Bg6 32. Bd7 Nc6 1/2-1/2

[Event "BL 8384 HSK-Koblenz"]
[Site "?"]
[Date "1984.??.??"]
[Round "?.3"]
[White "Schulz, KJ."]
[Black "Reefschlaeger, H."]
[Result "0-1"]
[WhiteElo "2330"]
[BlackElo "2430"]
[PlyCount "44"]
[EventDate "1984.??.??"]

1. c4 e6 2. Nc3 d5 3. d4 c6 4. e4 dxe4 5. Nxe4 Bb4+ 6. Bd2 Qxd4 7. Bxb4 Qxe4+
8. Be2 Nd7 9. Nf3 c5 10. Bc3 Ngf6 11. O-O O-O 12. Bd3 Qg4 13. h3 Qh5 14. Qd2 b6
15. Qf4 Bb7 16. Ne5 Nxe5 17. Bxe5 Rad8 18. Rad1 Be4 19. g4 Nxg4 20. Bd6 Rxd6
21. Qxd6 Qxh3 22. f3 Ne3 0-1

[Event "BL 8384 HSK-Koblenz"]
[Site "?"]
[Date "1984.??.??"]
[Round "?.5"]
[White "Trauth, M."]
[Black "Gruenberg, Ra"]
[Result "1-0"]
[WhiteElo "2235"]
[BlackElo "2265"]
[PlyCount "87"]
[EventDate "1984.??.??"]

1. Nf3 c5 2. c4 Nf6 3. Nc3 d5 4. cxd5 Nxd5 5. e4 Nb4 6. Bc4 Nd3+ 7. Ke2 Nf4+ 8.
Kf1 Ne6 9. Ne5 Qd6 10. f4 a6 11. d3 Nd7 12. Nxf7 Kxf7 13. f5 Nf6 14. Qe2 Qe5
15. g3 Ke8 16. fxe6 Bxe6 17. Bf4 Bh3+ 18. Ke1 Qh5 19. Qxh5+ Nxh5 20. Nd5 Rc8
21. Be5 Nf6 22. a4 Nd7 23. Bc3 e5 24. Ne3 Be7 25. Bd5 Rb8 26. Nc4 Bf6 27. Bxb7
Rxb7 28. Nd6+ Ke7 29. Nxb7 Rf8 30. Rc1 Bg5 31. Rc2 Rf3 32. Nxc5 Nxc5 33. Bb4
Rxd3 34. Rxc5 Kf7 35. Rxe5 Bf6 36. Rd5 Rb3 37. Bc3 Bxc3+ 38. bxc3 Rxc3 39. Kd2
Ra3 40. Ra5 Bd7 41. Rxa6 Bxa4 42. Rc1 Ra2+ 43. Ke3 Re2+ 44. Kf3 1-0

[Event "BL 8384 Delmenhorst-Porz"]
[Site "?"]
[Date "1984.??.??"]
[Round "?.1"]
[White "Hort, V."]
[Black "Angantysson, H."]
[Result "1-0"]
[WhiteElo "2595"]
[BlackElo "2395"]
[PlyCount "99"]
[EventDate "1984.??.??"]

1. b4 d5 2. Bb2 c6 3. e3 Qb6 4. a3 a5 5. Bd4 Qc7 6. f4 axb4 7. axb4 Rxa1 8.
Bxa1 Nd7 9. Nf3 Ngf6 10. Qc1 e6 11. Qb2 b5 12. Be2 Be7 13. Nc3 O-O 14. Nd1 Qa7
15. Qb1 Bb7 16. Bd4 Qa3 17. c3 Ne4 18. O-O f5 19. Nf2 Ra8 20. Nxe4 fxe4 21. Ne5
Nxe5 22. fxe5 Qa2 23. Bg4 Bc8 24. Qe1 Bd7 25. Bc5 Bxc5 26. bxc5 Rf8 27. Rxf8+
Kxf8 28. Qh4 Ke8 29. Qxh7 Qxd2 30. Qh8+ Ke7 31. Qh4+ Kf7 32. Qf2+ Qxf2+ 33.
Kxf2 g6 34. h4 g5 35. Bh5+ Kg7 36. hxg5 Kf8 37. Kg3 Be8 38. Kh4 Bd7 39. Bg6 Bc8
40. Kh5 Kg7 41. Be8 Bb7 42. Kg4 Ba8 43. Bd7 Bb7 44. Bxe6 Ba6 45. Bd7 b4 46.
cxb4 Bc4 47. Bxc6 Kg6 48. Kf4 Kg7 49. b5 d4 50. exd4 1-0

[Event "BL 8384 Delmenhorst-Porz"]
[Site "?"]
[Date "1984.??.??"]
[Round "?.3"]
[White "Goehring, K."]
[Black "Meyer, H."]
[Result "1/2-1/2"]
[WhiteElo "2355"]
[BlackElo "2340"]
[PlyCount "60"]
[EventDate "1984.??.??"]

1. d4 d5 2. c4 e6 3. Nc3 Be7 4. Nf3 Nf6 5. Bg5 h6 6. Bh4 O-O 7. e3 b6 8. cxd5
Nxd5 9. Bxe7 Qxe7 10. Nxd5 exd5 11. Qb3 Be6 12. Rc1 Rc8 13. Be2 a5 14. Rc3 c5
15. Qa3 Qa7 16. dxc5 bxc5 17. O-O Nd7 18. Rfc1 Rcb8 19. Ne1 a4 20. Bf3 Rb5 21.
Nd3 Rab8 22. b3 Ra5 23. b4 cxb4 24. Nxb4 Ne5 25. Nc6 Nxc6 26. Rxc6 Rab5 27. h3
d4 28. Rc7 Qb6 29. R7c6 Qa7 30. Rc7 Qb6 1/2-1/2

[Event "BL 8384 Delmenhorst-Porz"]
[Site "?"]
[Date "1984.??.??"]
[Round "?.4"]
[White "Juhnke, K."]
[Black "Marian, R."]
[Result "1/2-1/2"]
[WhiteElo "2325"]
[BlackElo "2360"]
[PlyCount "73"]
[EventDate "1984.??.??"]

1. d4 Nf6 2. c4 e6 3. Nf3 c5 4. d5 exd5 5. cxd5 d6 6. Nc3 g6 7. e4 Bg7 8. Be2
O-O 9. O-O Bg4 10. h3 Bxf3 11. Bxf3 Nbd7 12. Bf4 Ne8 13. Qd2 a6 14. a4 Rb8 15.
a5 b5 16. axb6 Rxb6 17. Be2 Qe7 18. Bxa6 Nc7 19. Bd3 Rfb8 20. Ra2 Rb4 21. Bg5
Qe8 22. Be3 Ne5 23. Be2 Nc4 24. Bxc4 Rxc4 25. Bf4 Be5 26. f3 Rd4 27. Qc1 Nb5
28. Bxe5 Qxe5 29. Nxb5 Rxb5 30. Re1 Rd3 31. Kh1 Kg7 32. Ra3 Rbb3 33. Rxb3 Rxb3
34. Re2 Rd3 35. f4 Qd4 36. Kh2 f6 37. Qg1 1/2-1/2

[Event "BL 8384 Delmenhorst-Porz"]
[Site "?"]
[Date "1984.??.??"]
[Round "?.6"]
[White "Tielemann, K."]
[Black "Gerusel, M."]
[Result "0-1"]
[WhiteElo "2225"]
[BlackElo "2390"]
[PlyCount "80"]
[EventDate "1984.??.??"]

1. d4 c5 2. d5 d6 3. c4 g6 4. Nc3 Bg7 5. e4 e6 6. f3 exd5 7. cxd5 Nf6 8. Bg5 h6
9. Be3 O-O 10. Qd2 Kh7 11. Nge2 Na6 12. Ng3 Nc7 13. Be2 a6 14. a4 b6 15. O-O
Re8 16. f4 Bg4 17. Rad1 h5 18. e5 Bxe2 19. Qxe2 Ng4 20. Bc1 dxe5 21. f5 e4 22.
h3 Bd4+ 23. Rxd4 cxd4 24. hxg4 dxc3 25. fxg6+ fxg6 26. Qe3 g5 27. Nxh5 Nxd5 28.
Qd4 Ra7 29. Rf5 Nf4 30. Qc4 Qd1+ 31. Kh2 Nxh5 32. gxh5 Qxh5+ 33. Kg1 Rd7 34.
Rf1 g4 35. Be3 g3 36. Re1 Rf7 37. Bf4 Qh2+ 38. Kf1 Rxf4+ 39. Ke2 Qxg2+ 40. Ke3
Qf2# 0-1

[Event "BL 8384 Delmenhorst-Porz"]
[Site "?"]
[Date "1984.??.??"]
[Round "?.7"]
[White "Schmidt, B."]
[Black "Hickl, T."]
[Result "1-0"]
[WhiteElo "2340"]
[BlackElo "2300"]
[PlyCount "101"]
[EventDate "1984.??.??"]

1. d4 Nf6 2. Nf3 e6 3. Bg5 d5 4. e3 Be7 5. Nbd2 O-O 6. Bd3 Nbd7 7. O-O c5 8. c3
b6 9. Ne5 Bb7 10. f4 Ne8 11. Bxe7 Qxe7 12. Qf3 f5 13. g4 g6 14. Rf2 Nef6 15.
gxf5 exf5 16. Rg2 Nxe5 17. fxe5 Ne4 18. Qf4 g5 19. Nxe4 fxe4 20. Qxg5+ Qxg5 21.
Rxg5+ Kh8 22. Be2 cxd4 23. exd4 a5 24. Rf1 Bc6 25. Rf6 Rxf6 26. exf6 Rg8 27.
Rxg8+ Kxg8 28. Bh5 b5 29. Kf2 b4 30. cxb4 axb4 31. Ke3 Kf8 32. Kf4 Bb5 33. a3
bxa3 34. bxa3 Ba4 35. Be2 Kf7 36. Ke5 Bb3 37. h4 h6 38. Bh5+ Kf8 39. Kf4 Ba4
40. Ke3 Bb5 41. Kd2 Bc6 42. Kc3 Bb5 43. Kb4 Bc4 44. a4 e3 45. Kc3 Ba6 46. Kc2
Bc4 47. a5 Bb5 48. Kd1 Ba6 49. Ke1 Bb5 50. Bf3 Bc6 51. a6 1-0

[Event "BL 8384 Delmenhorst-Porz"]
[Site "?"]
[Date "1989.??.??"]
[Round "?.8"]
[White "Schlemermeyer, W."]
[Black "Kreutzkamp, R."]
[Result "1-0"]
[WhiteElo "2220"]
[BlackElo "2235"]
[PlyCount "31"]
[EventDate "1989.??.??"]

1. b3 e5 2. Bb2 d6 3. e3 Nf6 4. c4 g6 5. Nf3 Bg7 6. d4 Nc6 7. Nc3 exd4 8. Nxd4
O-O 9. Be2 Re8 10. Nxc6 bxc6 11. Bf3 Bd7 12. O-O Rb8 13. Re1 c5 14. h3 Re6 15.
Qd2 Qe8 16. Rad1 1-0